Pokémon - Les attaques de Charibari - Statistiques

Statistiques générales
  • Ce quiz a été pris 15 fois
  • Le résultat moyen est 10 sur 13
Statistiques - réponses
Niveaux Types Noms des attaques % Correct
Niveau 50 Sol Cavalerie Lourde
100%
Départ Normal Charge
100%
Niveau 55 Combat Surpuissance
100%
Niveau 40 Acier Tête de Fer
100%
Niveau 45 Fée Câlinerie
80%
Niveau 20 Normal Écrasement
80%
Niveau 25 Acier Mur de Fer
80%
Niveau 15 Sol Piétisol
80%
Niveau 5 Roche Roulade
80%
Niveau 10 Combat Éclate-Roc
60%
Départ Normal Rugissement
60%
Niveau 30 Sol Tunnel
60%
Niveau 35 Normal Force
0%
Aucun quiz correspondant
Distribution des résultats
% des personnes avec chaque résultat
Percentile par nombre de réponses
Votre historique - résultats
Vous n’avez pas pris ce quiz